| 000 | 00786cab a2200241 4500 | ||
|---|---|---|---|
| 001 | ABS60169 | ||
| 008 | 090401t1999 xxu||||| |||| 00| 0 eng d | ||
| 035 | _a(Sirsi) u91650 | ||
| 041 | _aeng | ||
| 100 | _aCooke, M. | ||
| 245 | _aGetting it right | ||
| 260 | _c1999 | ||
| 350 | _a0 | ||
| 490 |
_aHousing Today _v(122) 25 February 1999, 18(1) |
||
| 520 | _aNew Deal for Communities aims to deliver long-lasting change to areas in need of regeneration. This article considers two of the projects singled out for praise - Barton Hill, Bristol and Shoreditch, Hackney. (taken from journal headnote.) | ||
| 650 | _aBRISTOL | ||
| 650 | _aHACKNEY | ||
| 650 | _aHOUSING PROJECTS | ||
| 650 | _aNEW DEAL FOR COMMUNITIES | ||
| 690 | _aHOUSING | ||
| 942 | _n0 | ||
| 948 | _c01/03/1999 | ||
| 999 |
_c58189 _d58189 |
||